Assessing the sustainability of office refurbishment with BREEAM (Record no. 113220)

MARC details
000 -LEADER
fixed length control field 00701cam a22002295a 4500
001 - CONTROL NUMBER
control field L154892
008 - FIXED-LENGTH DATA ELEMENTS--GENERAL INFORMATION
fixed length control field 120130s2011 xxko f 000 0 eng d
020 ## - INTERNATIONAL STANDARD BOOK NUMBER
International Standard Book Number 9781848062320
035 ## - SYSTEM CONTROL NUMBER
System control number (Sirsi) u154892
041 0# - LANGUAGE CODE
Language code of text/sound track or separate title eng
100 1# - MAIN ENTRY--PERSONAL NAME
Personal name Paterson, Neil
245 00 - TITLE STATEMENT
Title Assessing the sustainability of office refurbishment with BREEAM
Remainder of title a case study
260 ## - PUBLICATION, DISTRIBUTION, ETC.
Place of publication, distribution, etc. Watford
Name of publisher, distributor, etc. BRE
Date of publication, distribution, etc. 2011
300 ## - PHYSICAL DESCRIPTION
Extent 12p.
Other physical details ill.
Dimensions 30cm.
490 #0 - SERIES STATEMENT
Series statement BRE Information Paper
Volume/sequential designation (19/11)
520 ## - SUMMARY, ETC.
Summary, etc. Demonstrates the use of BREEAM in an office fit-out project with a target rating of excellent/
521 ## - TARGET AUDIENCE NOTE
Target audience note Advanced
590 ## - LOCAL NOTE (RLIN)
Local note KA
651 #4 - SUBJECT ADDED ENTRY--GEOGRAPHIC NAME
Geographic name United Kingdom
Chronological subdivision
690 ## - LOCAL SUBJECT ADDED ENTRY--TOPICAL TERM (OCLC, RLIN)
Topical term or geographic name as entry element Design and specification
942 ## - ADDED ENTRY ELEMENTS (KOHA)
Suppress in OPAC 0
Holdings
Withdrawn status Lost status Source of classification or shelving scheme Damaged status Not for loan Home library Current library Shelving location Date acquired Total Checkouts Full call number Barcode Date last seen Copy number Price effective from Koha item type
    Dewey Decimal Classification     London London Books 30/01/2012   BRE INFORMATION PAPER 30077282 06/08/2019 1 06/08/2019 Book